000 01171na a2200349 4500
001 20627
003 MIRAKIL
005 20181213155011.0
008 170128b tu 000 0
035 _a20627
040 _aMilas
_btur
_cTR-AnCHP
041 _ager
082 _aCHP 323.445
_bC36m [2014?]
090 _aBROŞÜR 272
110 _aCumhuriyet Halk Partisi (CHP)
245 _aMedienwelt unter der AKP-regierung
_cCumhuriyet Halk Partisi
246 _aAKP yönetimi altındaki medya dünyası
260 _aAnkara
_bCHP
_c[2014?]
300 _a15 s.
_brnkl. fotg.
_c21 sm.
440 _aCumhuriyet Halk Partisi yayınları
_pRaporlar
610 _aAKP
_xSiyaset ve yönetim
_yMedya politikaları
_yEleştiriler
610 _aCHP
_xBasın ve siyaset
_yRaporlar
650 _aBasın ve siyaset
_zTürkiye
650 _aSiyasal hükümlüler
_xGazeteciler
_zTürkiye
650 _aBasın özgürlüğü
_xHak ihlalleri
_zTürkiye
650 _aGazeteciler ve gazetecilik
_xTutuklu ve hükümlüler
_zTürkiye
657 _aCHP medya raporları
657 _aCHP medya raporu
830 _aCHP raporları
942 _2ddc
_cBKS
999 _c4574
_d4574